| 000 | 01011nam a22002537a 4500 | ||
|---|---|---|---|
| 005 | 20170124103116.0 | ||
| 010 | _aB-158024 | ||
| 020 | _c80.00 | ||
| 035 | _aB-158024 | ||
| 037 | _bCen Lib/Ret | ||
| 040 |
_aDPL _bHN |
||
| 082 |
_a523.4 _bसक्सेना |
||
| 100 |
_aसक्सेना, बलबीर _980832 |
||
| 245 |
_aजूपीटर / _cबलबीर सक्सेना |
||
| 246 |
_aJupitar / _bby Balbir Saxena |
||
| 260 |
_aनयी दिल्ली _bअनुराग प्रकाशन _c2003 |
||
| 270 |
_a1/1073-डी, महरौली _bनयी दिल्ली _e110030 |
||
| 300 |
_a83पृ. : _c21सेमी (सजिल्द) _bसचित्र |
||
| 650 |
_aखगोलशास्त्र --जूपिटर _95755 |
||
| 650 |
_aAstronomy--Jupitar _980833 |
||
| 650 |
_aजुपिटर--उपग्रह _980834 |
||
| 650 |
_aJupiter--Satellite _980835 |
||
| 942 |
_2ddc _cHN _h523.4 _mसक्सेना |
||
| 999 |
_c118555 _d118555 |
||